Văn hóa và triết lý kinh doanh

保存先:
書誌詳細
第一著者: Đỗ Minh Cương
フォーマット: 図書
言語:Vietnamese
出版事項: Hà Nội 2000
タグ: タグ追加
タグなし, このレコードへの初めてのタグを付けませんか!
Thư viện lưu trữ: Mạng thư viện Đại học Đà Nẵng
LEADER 00629nam a2200277 4500
001 000026679
003 741
005 20150325120000.0
008 150325s vm 000 vie
020 |c 20,0000 
040 |a NOTTS 
100 |a Đỗ Minh Cương 
245 |a Văn hóa và triết lý kinh doanh 
260 |b Hà Nội  |c 2000 
300 |a 244tr. ; 
OWN |a LTT 
999 |a From the UDN01 
TYP |a Monograph 
TYP |a Printed language 
980 |a Mạng thư viện Đại học Đà Nẵng